| 000 | 00701nam a22002057a 4500 | ||
|---|---|---|---|
| 999 |
_c178581 _d178581 |
||
| 005 | 20210407121150.0 | ||
| 010 | _aENG-129382 | ||
| 020 |
_c440.00 _a978-93-325-4944-9 |
||
| 035 | _aEN-112914 | ||
| 037 | _bDBAD/PUB | ||
| 082 | _a005.133 | ||
| 100 | _aKernighan, Brian W. | ||
| 245 |
_aThe C Programming Language/ _bBrian W. Kernighan, and Dennis M. Ritchie |
||
| 250 | _a2nd | ||
| 260 |
_aNoida _bPearson _c2021 |
||
| 270 |
_a15th floor,Tower-B,Word Trade Tower,Plot no.1,Block-C sec 16, _bNoida _e201301 _k04466540100 _mcompanysecretary.india@pearson.com |
||
| 300 |
_axii+272. _c23cm(pbk) _bincluding index. |
||
| 700 | _aRitchie, Dennis M. | ||
| 942 |
_2ddc _cEN _h005.133 _mKER |
||